| 000 | 00000nam##2200000za#4500 |
| 001 | 9.594737 |
| 003 | CaOODSP |
| 005 | 20210624202554 |
| 007 | cr ||||||||||| |
| 008 | 150406|2007||||xxc|||||o f|0| 0 fre|d |
| 020 | |z978-0-662-09454-8 |
| 040 | |aCaOODSP|bfre |
| 043 | |an-cn--- |
| 086 | 1 |aSC102-1/14-1-2007F-PDF |
| 110 | 2 |aÉcole de la fonction publique du Canada. |
| 245 | 10|aSession préparatoire 1 |h[ressource électronique] |
| 260 | |bÉcole de la fonction publique du Canada |c2007. |
| 300 | |a268p. |
| 490 | 1 |aProgramme de français langue seconde - Niveau C |
| 500 | |aFichier reproduit à partir de l'original imprimé. Le numéro de catalogue et l'ISBN de l'édition imprimée apparaissent dans la version PDF. |
| 590 | |a14-15-Supp|b2014-09-04 |
| 590 | |a14-52-Supp|b2014-08-22 |
| 691 | 07|aFrançais langue seconde|2gcpds |
| 776 | 0#|tSession préparatoire 1 |w(CaOODSP)9.627469 |
| 830 | #0|aProgramme de français langue seconde - Niveau C.|w(CaOODSP)9.501587 |
| 856 | 40|ahttp://publications.gc.ca|qPDF|s53,418 Ko|uhttps://publications.gc.ca/collections/collection_2014/efpc-csps/SC102-1-14-1-2007-fra.pdf |